Connaissez vous Dijon ? - Statistiques

Statistiques générales
  • Ce quiz a été pris 340 fois
    279 depuis la dernière actualisation
  • Le résultat moyen est 8 sur 16
Statistiques - réponses
Questions Réponses % Correct
Quel animal est sculpté sur la façade de l’église Notre-Dame de Dijon et censé porter chance ? Chouette
96%
Quelle est la spécialité culinaire la plus célèbre de Dijon ? Moutarde
95%
Quelle couleur est associée à l’équipe de football du Dijon FCO ? Rouge
81%
Quelle grande région administrative a Dijon pour capitale ? Bourgogne-Franche Comté
80%
Quel réseau de transport moderne traverse la ville depuis 2012 ? Tramway
71%
Une seconde est également associée, laquelle ? Blanc
68%
Quelle place centrale accueille de nombreux cafés et la mairie ? Place de la Libération
62%
Quelle grande rue commerçante relie la place Darcy au centre historique ? Rue de la Liberté
57%
Comment s’appelle le parcours touristique qui permet de découvrir Dijon à pied ? Parcours de la chouette
55%
Quel personnage historique fut duc de Bourgogne et fit de Dijon une grande ville médiévale ? Philippe Le Bon
29%
Quel bâtiment emblématique de Dijon abrite aujourd’hui le musée des Beaux-Arts ? Palais des Ducs de Bourgogne
27%
Quelle université importante est basée à Dijon ? Université de Bourgogne Europe
15%
Quel ingrédient est souvent associé à la moutarde de Dijon traditionnelle ? Vinaigre
9%
Quel célèbre vin est produit dans la région de Dijon ? Chablis
7%
Quel événement gastronomique majeur s’y tient chaque année à l’automne ? Foire Internationale et gastronomique
3%
Quel célèbre écrivain bourguignon a étudié à Dijon ? Romain Rolland
0%
Aucun quiz correspondant
Distribution des résultats
% des personnes avec chaque résultat
Percentile par nombre de réponses
Votre historique - résultats
Vous n’avez pas pris ce quiz depuis la dernière actualisation